| 000 | 01579nkm a2200325 i 4500 | ||
|---|---|---|---|
| 001 | 3048 | ||
| 003 | ES-MaACL | ||
| 005 | 20250713062541.0 | ||
| 007 | khrbo | ||
| 008 | 041111s1981 sp --- g |001||spa d | ||
| 100 | 0 |
_aAlfonso, _d1902-1990 _919858 |
|
| 245 | 1 | 0 |
_aHomenaje a México [ _hFotografía] / _cAlfonso (sello). |
| 260 |
_a[S.l. : _bs.n.], _c1981. |
||
| 300 |
_a11 fot. : _bb. y n. ; _c12 x 18 cm. |
||
| 500 | _aDatos basados en invitación | ||
| 505 | _aApertura del acto por el presidente. Conferencia "El Barroco en México" por Gutiérrez Vega. Concesión de medalla al presidente de la República de México José López Portillo | ||
| 511 | 0 | _aIntervienen: Fernando Chueca Goitia, Hugo Gutiérrez Vega, Francisco Alcalá Quintero, Enrique Tierno Galván. | |
| 518 | _aActo organizado por el Ateneo de Madrid en colaboración con el Instituto de Cooperación Iberoamericana, celebrado en el Salón de Actos, el miércoles 2 de diciembre de 1981 a las 19:30 h | ||
| 600 | 1 | 4 |
_aChueca Goitia, Fernando, _d1911-2004 _938688 |
| 600 | 1 | 4 |
_aGutiérrez Vega, Hugo. _961235 |
| 600 | 1 | 4 |
_aAlcalá Quintero, Francisco. _919464 |
| 600 | 1 | 4 |
_aTierno Galván, Enrique, _d1918-1986 _9110235 |
| 610 | 2 | 4 |
_aAteneo de Madrid- _xActos culturales- _y1981- _vFotografías. _91892 |
| 710 | 2 |
_aAteneo de Madrid. _91875 |
|
| 710 | 2 |
_aInstituto de Cooperación Iberoamericana. _94848 |
|
| 852 |
_aES-MaACL _jFOT 81/1981 |
||
| 856 | 4 |
_uhttp://www.ateneodemadrid.net/biblioteca_digital/imagenes/1981/0081-1981.jpg _zVer imagen |
|
| 942 | _2udc | ||
| 999 |
_c3048 _d3048 |
||